| 000 | 00345nam a22001457a 4500 | ||
|---|---|---|---|
| 008 | 210429b ||||| |||| 00| 0 eng d | ||
| 020 | _a9781292094793 | ||
| 041 | _aeng | ||
| 080 |
_24th _a338 |
||
| 082 | _a338 | ||
| 100 | _a55 | ||
| 101 | _aMEN | ||
| 245 |
_aProject Management Achieving Competitive Advantage _cPinto,K.J |
||
| 942 |
_2udc _cBK |
||
| 999 |
_c56959 _d56959 |
||